000 00591nam a2200217Ia 4500
005 20250508162742.0
008 008 250505s9999 xx 000 0 eng d
037 _aTextBook
040 _aFEDL
_beng
_cFEDL
041 _aeng
_2eng
084 _a370.15, PAN
_qFEDL
100 _aPandey K P
_9772242
245 0 _aAdvanced educational psychology
250 _a2 rev
260 _aDelhi, India
_bKonark Publishers Pvt. Ltd
_c1988
300 _axii,411p
365 _aINR
_b50
650 _aEducational Psychology
942 _cTB
_h370.15, PAN
999 _c1378494
_d1378494